000
00279nam a2200121Ia 4500
008
191201s2010 xx 000 0 und d
100
_a
MUKHERJEE,A
245
0
_a
Financial Accounting
250
_a
10th Rep
260
_a
N. delhi
_b
MGH
_c
2010
650
_a
BBA
942
_2
ddc
_c
BK
_0
1
999
_c
4609
_d
4609